Comparison of the Evaluation of the European Structural and Investment Funds in Slovakia and the Czech Republic

Rozbor hodnotenia a rozdielov Európskych štrukturálnych a investičných fondov na Slovensku a v Českej republike.

Saved in:
Bibliographic Details
Main Author: Jánošková, Kristína, 1995-
Format: Book Chapter
Language:English
Subjects:
Tags: Add Tag
No Tags, Be the first to tag this record!

MARC

LEADER 00000naa$a2200000$$$4500
001 0299821
005 20240502084012.4
041 0 |a eng 
044 |a RS 
245 1 0 |a Comparison of the Evaluation of the European Structural and Investment Funds in Slovakia and the Czech Republic  |c Kristína Jánošková 
520 |a Rozbor hodnotenia a rozdielov Európskych štrukturálnych a investičných fondov na Slovensku a v Českej republike. 
610 2 0 |a hodnotenie 
610 2 0 |a fondy Európskej únie 
610 2 0 |a fondy investičné 
610 2 0 |a fondy štruktúrne 
610 2 0 |a porovnanie medzinárodné 
610 2 0 |a Slovensko 
610 2 0 |a Česko 
100 1 |a Jánošková, Kristína, 1995-